| 000 | 01355nam a2200289Ia 4500 | ||
|---|---|---|---|
| 999 |
_c51197 _d51197 |
||
| 001 | 18156 | ||
| 003 | GE_BSU | ||
| 005 | 20200526222631.0 | ||
| 008 | 181216s2005||||ge |||||||||||||| ||geo|| | ||
| 020 | _a9994025678 | ||
| 040 | _cGE_BSU | ||
| 041 | _ageo | ||
| 080 | _a811.353.1-8(075.8) მ-74 | ||
| 100 |
_aმიქელაძე, ნაზი. _98202 |
||
| 245 |
_aქართული ენის პრაქტიკული კურსი და სტილისტიკის საკითხები / _cნაზი მიქელაძე, მამია ფაღავა ; რედ. მერი ცინცაძე. |
||
| 264 |
_aბათუმი : _bბათუმის უნივერსიტეტი, _c2005. |
||
| 300 |
_a284 გვ. ; _c21სმ. |
||
| 541 | _h3ლ.53თ. | ||
| 653 | _aსტილისტიკა | ||
| 653 | _aმორფოლოგია | ||
| 653 | _a ფონეტიკა | ||
| 653 | _aსინტაქსი | ||
| 653 | _aქართული ენის პრაქტიკული კურსი და სტილისტიკის საკითხები | ||
| 700 |
_aფაღავა, მამია _eავტორი _98205 |
||
| 700 |
_aცინცაძე, მერი _eრედაქტორი _91857 |
||
| 942 |
_cBK _2udc |
||